US states most populous neighbour connect - Statistics

General Stats
  • This quiz has been taken 183 times
  • The average score is 39 of 48
Answers on the Map
Answers color-coded by a green-red scale on the quiz's map according to % correct below.
 
Answer Stats
State % Correct
California
100%
Arizona
94%
Colorado
93%
Oklahoma
93%
Alabama
92%
Arkansas
92%
Florida
92%
Georgia
92%
Louisiana
92%
Mississippi
92%
Tennessee
92%
Texas
92%
Maryland
86%
New Jersey
86%
New York
86%
North Carolina
86%
Pennsylvania
86%
Virginia
86%
Delaware
85%
Connecticut
84%
Massachusetts
84%
Maine
83%
New Hampshire
83%
Rhode Island
83%
Vermont
83%
Ohio
82%
Michigan
80%
Illinois
78%
Indiana
78%
Iowa
78%
Kentucky
78%
Missouri
78%
West Virginia
78%
Minnesota
76%
Wisconsin
76%
Nebraska
74%
South Dakota
74%
Kansas
73%
Wyoming
72%
Utah
69%
Idaho
68%
Nevada
68%
Oregon
68%
Washington
68%
Montana
66%
North Dakota
65%
New Mexico
62%
South Carolina
62%
No matching quizzes found
Score Distribution
Percent of People with Each Score
Percentile by Number Answered
Your Score History
You have not taken this quiz